000 00528nam a22001697a 4500
003 OSt
005 20241130160949.0
008 241130b |||||||| |||| 00| 0 eng d
040 _c.
050 _aQD476
_b.B4
100 _aBenfey, O. Theodor
245 _aClassic Researchers in Organic Chemistry/
_bfrom vital force to structural formulas
_c O. Theodor Benfey, series editor Harold Hart
260 _aBoston
_bHoughton Mifflin Company
_c1964
300 _axi.115p.
_bill.
_c22.5cm
700 _aHart, Harold
942 _2lcc
_cBK
_n0
999 _c1879
_d1879